000 nam a22 7a 4500
999 _c10188
_d10188
008 180212b ||||| |||| 00| 0 eng d
100 _aThayalan,K.
_96186
245 _aMedical X-Ray Film Processing
260 _aNew Delhi
_bJaypee
_c2005